000 00386 a2200109 4500
001 ART_17633
005 20260410161924.0
008 260409a
245 1 0 _aAn analysis of a macroeconometric model with rational expectations in the bond and stock markets
100 1 _aFair, Ray C.
773 0 _tThe American Economic Review
_g- Vol. 69, NÂș 4 (sep. 1979)
_wREV16190
999 _c27945
_d27945